Mojmír Benža: Malý etnopolitický slovník

Bibliographic Details
Main Author: Botík, Ján, 1938- (Author)
Format: Article
Language:Slovak
ISSN:1335-1303
Subjects:

MARC

LEADER 00000nab a2200000 a 4500
001 vtls008984196
003 SK-MaSNL
005 20260304140108.0
008 250505c2006 xo qr|p|||||||000 b|slo
015 |a SNBRB2007/04  |2 snkbucl 
035 |a (uuid)bb37293b-30b2-48ee-b287-dc82570aa29b 
035 |a urn:nbn:sk:snk-ab1016 
035 |a (urnnbn)urn:nbn:sk:snk:ar-a039yw 
038 |a SNKBUCL 
040 |a SNKBUCL  |b slo  |c SNKBUCL  |e AACR2 
041 0 |a slo 
044 |a xo  |c SK 
080 |a 321(048)  |2 1997 
080 |a 39(048)  |2 1997 
100 1 |a Botík, Ján,  |d 1938-  |4 aut  |9 214842 
245 1 0 |a Mojmír Benža: Malý etnopolitický slovník  |c Ján Botík 
650 0 7 |a politológia  |2 snkbucl  |9 4684 
650 0 7 |a etnológia  |2 snkbucl  |9 715 
650 0 7 |a výkladové slovníky  |2 snkbucl  |9 92468 
655 7 |a recenzie  |2 snkbucl  |9 21907 
773 0 |t Slovenský národopis  |g Roč. 54, č. 1 (2006), s. 133-134  |x 1335-1303 
787 0 8 |i Rec.:  |a Benža, Mojmír, 1941-  |t Malý etnopolitický slovník  |d Bratislava: 2005  |z 80-88997-28-3 
850 |a Slovenská národná knižnica 
852 |a Slovenská národná knižnica 
954 |a odborná, vedecká literatúra pôvodná (slovenská)  |2 lita 
958 |a article27 
958 |a RC 
958 |a OND 
958 |a EUIPO 
999 |c 2913583  |d 2915513